| 000 | 00642 a2200241 4500 | ||
|---|---|---|---|
| 260 | _aParis | ||
| 630 | _a34 - Droit. Jurisprudence. Legislation | ||
| 037 | _b1, MES | ||
| 650 | _a3 - SCIENCES SOCIALES | ||
| 100 | _aEstoup, Pierre | ||
| 260 | _bLitec | ||
| 245 | _aLa Pratique des procédures rapides : Référés, ordonnances sur requête, procédures d'injonction, procédures à jour fixe et abrégées | ||
| 300 | _a469p | ||
| 650 | _aProcédure judicière | ||
| 260 | _c1998 | ||
| 300 | _b24 cm | ||
| 100 | _lFr | ||
| 037 | _aDe 10023 | ||
| 250 | _a2è éd. | ||
| 020 | _a0-7111-2916-0 | ||
| 999 |
_c43301 _d43301 |
||